| 000 | 01024nam a2200313 a 4500 | ||
|---|---|---|---|
| 008 | |||
| 020 | _a9780729541671 (paperback) | ||
| 040 |
_aNUST _cNUST |
||
| 049 | _aMAIN | ||
| 090 |
_aRC376.5 _bCOM |
||
| 100 | 1 |
_aComerford, Mark., _aauthor. |
|
| 245 | 1 | 0 |
_aKinetic control : _bthe management of uncontrolled movement/ _c Mark Comerford & Sarah Mottram. |
| 260 |
_aAustralia : _bElsevier, _c2012. |
||
| 300 |
_axi, 532 pages : _bcolour illustrations ; _c25 cm. |
||
| 336 |
_atext _btxt _2rdacontent |
||
| 337 |
_aunmediated _bn _2rdamedia |
||
| 338 |
_avolume _bnc _2rdacarrier |
||
| 500 | _aIncludes index. | ||
| 504 | _aIncludes bibliographical references. | ||
| 650 | 1 | _aMovement disorders. | |
| 650 |
_aMovement disorders _xDiagnosis. |
||
| 650 |
_aMovement disorders _xTreatment. |
||
| 650 | _aKinesiology. | ||
| 700 |
_aMottram, Sarah., _aauthor. |
||
| 907 |
_a.b10406335 _b07-07-21 _c07-07-21 |
||
| 003 | |||
| 005 | 20230123141209.0 | ||
| 942 |
_cBOOKS _kRC376.5 _mCOM |
||
| 999 |
_c169362 _d169362 |
||